| 000 | 00906pam a2200277 a 4500 | ||
|---|---|---|---|
| 999 |
_c2815 _d2815 |
||
| 001 | 4505695 | ||
| 003 | GBCCL | ||
| 005 | 20241126110440.0 | ||
| 008 | 980206s1998 mou 001 0 eng | ||
| 010 | _a 98013253 | ||
| 020 | _a0570053226 | ||
| 040 |
_aDLC _cDLC _dDLC |
||
| 050 | 0 | 0 |
_aBV4811 _b.K74 1998 |
| 082 | 0 | 0 |
_a242.2 _221 _bKRE |
| 245 | 0 | 4 |
_aThe abundant life : _bdaily devotions through the year / _c[edited by] Dianne Krenz. |
| 260 |
_aSaint Louis : _bCPH, _cc1998. |
||
| 300 |
_a382 p. ; _c23 cm. |
||
| 500 | _aIncludes index. | ||
| 650 | 0 |
_aMeditations. _91412 |
|
| 650 | 0 |
_aLutheran Church _vPrayers and devotions. _95922 |
|
| 650 | 0 |
_aDevotional calendars. _91878 |
|
| 700 | 1 |
_aKrenz, Dianne, _d1942- _95923 |
|
| 906 |
_a7 _bcbc _corignew _d1 _eocip _f19 _gy-gencatlg |
||
| 942 |
_2ddc _cBK _01 |
||